Statistics for Scottish Football Trivia

Click here to take the quiz!

General Stats

  • This quiz has been taken 753 times
  • The average score is 5 of 10

Answer Stats

HintAnswer% Correct
Who won the Treble in 2001?Celtic
98%
Which club plays their home games at East End Park?Dunfermline Athletic
73%
Which Scottish player won the champions league in 1997?Paul Lambert
63%
Who was sold for £1.2 million to Everton from Motherwell in 2003?James McFadden
60%
Which club are nicknamed The Bully Wee?Clyde
58%
Who scored Scotland's goal at Hampden to defeat France in a Euro 2008 qualifierGary Caldwell
47%
Who won the Scottish cup in season 1996/97Kilmarnock
47%
Who scored a hat-trick in the 2000/01 Scottish League Cup Final?Henrik Larsson
42%
Who are the only Scottish club to break the world transfer fee record?Falkirk
22%
Which player has played for Airdrie, Livingston, Celtic, Dundee United and Kilmarnock?David Fernandez
18%

Score Distribution

Percentile by Number Answered

Percent of People with Each Score

Your Score History

You have not taken this quiz